| 000 | 01252nam a2200265 i 4500 | ||
|---|---|---|---|
| 001 | 184301 | ||
| 003 | ES-MaACL | ||
| 005 | 20250831022415.0 | ||
| 008 | 150615s2009 mx h |||| | spa d | ||
| 080 | _a328(72)"1916/17" | ||
| 110 | 1 |
_aMéxico. _bCongreso Constituyente. _9157028 |
|
| 245 | 1 | 0 |
_aCongreso Constituyente, 1916-1917 _b: diario de los debates. |
| 246 | 3 | 3 |
_aDiario de los debates del Congreso Constituyente _b: Querétaro, 1916-1917 |
| 250 | _aEd. facsimilar. | ||
| 260 |
_aMéxico : _b[S.n.], _c2009 ( _fTalleres Gráf. de la Cámara de Diputados del H. Congreso de la Unión) |
||
| 300 |
_a2 v. ; _c29 cm. |
||
| 534 |
_pFacsímil de. _tDiario de los debates del Congreso Constituyente de Querétaro, 1916-1917, _cMéxico, D.F. : Imp. de la Cámara de Diputados, 1916-17. |
||
| 651 | 7 |
_aQuerétaro (México, Estado) _2 _9157029 |
|
| 710 | 1 |
_aMéxico. _tConstitución política, 1917. _9157030 |
|
| 852 |
_aES-MaACL _jA-13457 _pv.1 _9191297 _bR.150758 _cDEPO1 _dOlim: N-6457 _hDonación: Luis Arrillaga |
||
| 852 |
_aES-MaACL _jA-13458 _pv.2 _9200857 _bR.150758 _cDEPO1 _dOlim: N-6458 _hDonación: Luis Arrillaga |
||
| 903 |
_aArrillaga Aldama, Luis, _d1950- _ednr _923318 |
||
| 942 |
_2udc _cMONOGRAFIA |
||
| 999 |
_c184301 _d184301 |
||